[Event "Ch Paris (open)"]
[Site "masterchessopen.com - Paris (France)"]
[Date "2010.07.06"]
[Round "4"]
[White "Gharamian Tigran (FRA)"]
[Black "D'Costa Lorin (ENG)"]
[Result "1-0"]
[WhiteElo "2658"]
[BlackElo "2381"]

1.d4 Nf6 2.c4 e6 3.g3 c5 4.d5 exd5 5.cxd5 d6 6.Nf3 g6 7.Bg2 Bg7 8.Nc3 O-O
9.O-O Re8 10.a4 a6 11.Nd2 Nbd7 12.h3 Rb8 13.Nc4 Ne5 14.Na3 Nh5 15.e4 Bd7 16.a5
Qxa5 17.g4 Nf6 18.f4 Nexg4 19.hxg4 Nxg4 20.f5 Bd4+ 21.Kh1 Nf2+ 22.Rxf2 Bxf2
23.Bg5 Qc7 24.Nc2 Bg3 25.Ne3 h5 26.Qf3 Be5 27.Nc4 Bg7 28.Bf4 {#r} 1-0

[Event "Tournament (open)"]
[Site "masterchessopen.com - Vellmar (Germany)"]
[Date "2010.07.09"]
[Round "3"]
[White "Aslan Benjamin (GER)"]
[Black "Tennert Simon (GER)"]
[Result "1-0"]
[WhiteElo "2105"]
[BlackElo "2025"]

1.d4 Nf6 2.c4 e6 3.g3 c5 4.d5 exd5 5.cxd5 d6 6.Bg2 g6 7.Nc3 Bg7 8.Nf3 O-O
9.O-O a6 10.a4 Re8 11.Nd2 Nbd7 12.h3 Rb8 13.Nc4 Ne5 14.Na3 b6 15.f4 Ned7
16.Kh2 Qc7 17.e4 Kh8 18.Re1 Bb7 19.Nc4 Ng8 20.Ra2 Ba8 21.Qc2 b5 22.axb5 axb5
23.Rxa8 bxc4 24.Nb5 Qb7 25.Nxd6 Qxa8 26.Nxf7# 1-0

[Event "It (open) \"]
[Site "masterchessopen.com - Agios Kirykos (Greece)"]
[Date "2010.07.15"]
[Round "4"]
[White "Kamenets Anatolij (UKR)"]
[Black "Enchev Ivajlo (BUL)"]
[Result "0-1"]
[WhiteElo "2282"]
[BlackElo "2435"]

1.d4 Nf6 2.c4 e6 3.g3 c5 4.d5 exd5 5.cxd5 d6 6.Nc3 g6 7.Bg2 Bg7 8.Nf3 O-O
9.O-O Re8 10.Nd2 a6 11.a4 Nbd7 12.e4 Ne5 13.Qc2 Nh5 14.Nf3 Nxf3+ 15.Bxf3 f5
16.Bd2 Nf6 17.exf5 Bxf5 18.Qb3 Qc7 19.Qc4 Nd7 20.Bf4 g5 21.g4 Bg6 22.Bg3 Ne5
23.Bxe5 Bxe5 24.Rae1 Qg7 25.Bg2 Rf8 26.h3 Rf4 27.Be4 Qh6 28.Kg2 Raf8 29.Qd3
Rxg4+ 30.Kh1 Rg3 {#R} 0-1

[Event "Ch Slovakia (open)"]
[Site "masterchessopen.com - Banska Stiavnica (Slovakia)"]
[Date "2010.07.18"]
[Round "9"]
[White "Michalik Peter (SVK)"]
[Black "Butkiewicz Lukasz (POL)"]
[Result "0-1"]
[WhiteElo "2455"]
[BlackElo "2382"]

1.d4 Nf6 2.c4 c5 3.d5 e6 4.g3 exd5 5.cxd5 d6 6.Nf3 g6 7.Nc3 Bg7 8.Bg2 O-O
9.O-O a6 10.a4 Nbd7 11.Nd2 Re8 12.Nc4 Ne5 13.Na3 Rb8 14.e4 c4 15.Be3 Qc7 16.a5
Nfd7 17.Ba7 Ra8 18.Bd4 b5 19.axb6 Nxb6 20.Nc2 Bd7 21.Qd2 Nd3 22.Bxg7 Kxg7
23.Ne3 f6 24.b3 Nc5 25.Qd1 cxb3 26.Qd4 Rab8 27.g4 b2 28.Rab1 Nca4 29.Ncd1 Qc5
30.Qxc5 Nxc5 31.Rxb2 Bb5 32.f3 Bxf1 33.Bxf1 Nba4 34.Ra2 Rb1 35.Kf2 Ra8 36.Be2
Nb6 37.Nb2 Kf7 38.Nbc4 Nxc4 39.Nxc4 Ke7 40.Na5 Kd7 41.Ke3 Rab8 42.h4 R8b2
43.Kd4 {#R} 0-1

[Event "It (open)"]
[Site "masterchessopen.com - La Massana (Andorra)"]
[Date "2010.07.19"]
[Round "3"]
[White "Delorme Axel (FRA)"]
[Black "Delchev Aleksander (BUL)"]
[Result "1-0"]
[WhiteElo "2475"]
[BlackElo "2623"]

1.d4 Nf6 2.c4 e6 3.g3 c5 4.d5 exd5 5.cxd5 d6 6.Nc3 g6 7.Bg2 Bg7 8.Nf3 O-O
9.O-O Re8 10.Nd2 Nbd7 11.a4 a6 12.Nc4 Rb8 13.Na3 Ne5 14.e4 Nh5 15.a5 Bd7 16.h3
Qxa5 17.g4 Nf6 18.f4 Nexg4 19.hxg4 Nxg4 20.f5 h5 21.Qf3 Bd4+ 22.Kh1 Qd8 23.Bf4
b5 24.Nc2 Be5 25.Ne2 Qh4+ 26.Kg1 b4 27.fxg6 fxg6 28.Bxe5 Nxe5 29.Qf6 Qxf6
30.Rxf6 Bb5 31.Nf4 Rf8 32.Rxf8+ Rxf8 33.Ne6 Rf7 34.Ne3 Bd3 35.Nd8 Rf4 36.Nc6
Nf3+ 37.Bxf3 Rxf3 38.Re1 Bxe4 39.Nc4 Bf5 40.Nxd6 Bh3 41.Ne4 c4 42.Ne5 {#r} 1-0

[Event "It (open)"]
[Site "masterchessopen.com - Biel (Switzerland)"]
[Date "2010.07.22"]
[Round "4"]
[White "Wyss Jonas (SUI)"]
[Black "Misiano Franco (ITA)"]
[Result "1-0"]
[WhiteElo "2270"]
[BlackElo "2325"]

1.d4 Nf6 2.c4 c5 3.d5 e6 4.Nc3 exd5 5.cxd5 d6 6.g3 g6 7.Bg2 Bg7 8.Nf3 O-O
9.O-O a6 10.a4 Re8 11.Nd2 Nbd7 12.h3 Rb8 13.Nc4 Ne5 14.Na3 Nh5 15.e4 f5
16.exf5 Bxf5 17.g4 Bxg4 18.hxg4 Qh4 19.gxh5 Ng4 20.Bf4 Be5 21.Qf3 Nh2 22.Qg3
Qxf4 23.Qxf4 Bxf4 24.Rfe1 gxh5 25.f3 Bg3 26.Rxe8+ Rxe8 27.Ne4 Be5 28.Nc4 Nxf3+
29.Bxf3 Bd4+ 30.Kg2 b5 31.axb5 axb5 32.Ncxd6 Rb8 33.Bxh5 Bxb2 34.Rb1 Be5
35.Rxb5 Rd8 36.Nf5 c4 37.Rb7 {#r} 1-0

[Event "It (open)"]
[Site "masterchessopen.com - Paleochora (Greece)"]
[Date "2010.07.23"]
[Round "3"]
[White "Rombaldoni Denis (ITA)"]
[Black "Padurariu Ioana-Smaranda (ROM)"]
[Result "1-0"]
[WhiteElo "2501"]
[BlackElo "2131"]

1.d4 Nf6 2.c4 e6 3.g3 c5 4.d5 exd5 5.cxd5 d6 6.Nc3 g6 7.Bg2 Bg7 8.Nf3 O-O
9.O-O a6 10.a4 Re8 11.Nd2 Nbd7 12.h3 Rb8 13.a5 b5 14.axb6 Nxb6 15.e4 Nfd7
16.f4 f5 17.exf5 gxf5 18.Qc2 Nf6 19.Rd1 Qc7 20.Kh2 Qf7 21.Nf1 Qh5 22.Kg1 Qg6
23.Ra2 Bb7 24.Qb3 Nbd7 25.Be3 Nh5 26.Bf2 Bc6 27.dxc6+ Rxb3 28.cxd7 Rd8 29.Bd5+
Kf8 30.Bxb3 Nxf4 31.Kh2 Nh5 32.Rxa6 Be5 33.Ne2 Rxd7 34.Ra8+ Ke7 35.Ne3 Nf6
36.Bc2 Ne4 37.Rf1 Rb7 38.Nd5+ Kd7 39.Ba4+ Ke6 40.Nef4+ Bxf4 41.Nxf4+ Kf6
42.Nxg6 Rxb2 43.Kg2 {#r} 1-0

[Event "Ch Portugal (team) (1 div) (final)"]
[Site "masterchessopen.com - Vila Nova de Gaia (Portugal)"]
[Date "2010.07.26"]
[Round "3"]
[White "Lovik Lasse Ostebo (NOR)"]
[Black "Damaso Rui (POR)"]
[Result "0-1"]
[WhiteElo "2298"]
[BlackElo "2371"]

1.d4 Nf6 2.c4 e6 3.g3 c5 4.d5 exd5 5.cxd5 d6 6.Nc3 g6 7.Nf3 Bg7 8.Bg2 O-O
9.O-O a6 10.a4 Re8 11.Nd2 Nbd7 12.Nc4 Ne5 13.Na3 Bd7 14.f4 Neg4 15.Nc4 Qc7
16.h3 b5 17.axb5 axb5 18.Rxa8 Rxa8 19.Nxd6 Qxd6 20.hxg4 Nxg4 21.Bf3 b4 22.Ne4
Qb6 23.e3 h5 24.Nf2 c4 25.b3 Nxe3 26.Bxe3 Qxe3 27.bxc4 Ra2 28.Qd3 Bd4 29.Qxe3
Bxe3 30.Bd1 Bh3 {#R} 0-1

[Event "It (open)"]
[Site "masterchessopen.com - Pardubice (Czech Republic)"]
[Date "2010.07.28"]
[Round "6"]
[White "Golichenko Ilija (UKR)"]
[Black "Kratochvil Josef (CZE)"]
[Result "1-0"]
[WhiteElo "2417"]
[BlackElo "2234"]

1.d4 Nf6 2.c4 c5 3.d5 e6 4.Nc3 exd5 5.cxd5 d6 6.Nf3 g6 7.g3 Bg7 8.Bg2 O-O
9.O-O Re8 10.Nd2 a6 11.a4 Nbd7 12.h3 Rb8 13.Nc4 Nb6 14.Na3 Bd7 15.Re1 Nc8
16.Qd3 Qc7 17.e4 Na7 18.Nc4 b5 19.axb5 Nxb5 20.Bf4 Nh5 21.Bd2 Nxc3 22.Bxc3 Bb5
23.b3 Nf6 24.f4 Nd7 25.Bxg7 Kxg7 26.Qc3+ f6 27.g4 Kg8 28.h4 Bxc4 29.bxc4 Rb6
30.g5 Rf8 31.Bh3 Qb7 32.Ra3 Rb1 33.Rxb1 Qxb1+ 34.Kh2 Rb8 35.gxf6 Rb2+ 36.Bg2
Rc2 37.Qh3 Nf8 38.Rxa6 Rxc4 39.Ra8 {#r} 1-0

[Event "It (open) \"]
[Site "masterchessopen.com - Tromsoe (Norway)"]
[Date "2010.08.01"]
[Round "2"]
[White "Berg Emanuel (SWE)"]
[Black "De Haan Eric (NED)"]
[Result "1-0"]
[WhiteElo "2616"]
[BlackElo "2330"]

1.d4 Nf6 2.c4 c5 3.d5 e6 4.Nc3 exd5 5.cxd5 d6 6.g3 g6 7.Bg2 Bg7 8.Nf3 O-O
9.O-O a6 10.a4 Nbd7 11.Nd2 Re8 12.h3 Rb8 13.Nc4 Nb6 14.Na3 Bd7 15.e4 Nxa4
16.Nxa4 b5 17.Nxc5 dxc5 18.Re1 Qc8 19.e5 Nh5 20.g4 Bxe5 21.gxh5 Bxh3 22.hxg6
hxg6 23.Nc2 Bg4 24.Bf3 Bh3 25.Ra3 Qd8 26.Bg2 Bd7 27.Rxe5 Rxe5 28.Bf4 Qf6
29.Bxe5 Qxe5 30.b4 Bf5 31.bxc5 Qb2 32.c6 Bxc2 33.Qa1 Qb4 34.Rh3 Qb1+ 35.Qxb1
Bxb1 36.c7 Rc8 37.d6 Bf5 38.Re3 b4 39.Bh3 {#r} 1-0

[Event "It \"]
[Site "masterchessopen.com - Uxbridge (England)"]
[Date "2010.08.12"]
[Round "2"]
[White "Sturt Raven M (USA)"]
[Black "Lefebvre Herve (FRA)"]
[Result "1-0"]
[WhiteElo "2205"]
[BlackElo "2285"]

1.d4 Nf6 2.c4 g6 3.g3 c5 4.d5 d6 5.Bg2 e6 6.Nc3 exd5 7.cxd5 Bg7 8.Nf3 O-O
9.O-O Re8 10.Nd2 a6 11.a4 Nbd7 12.h3 Rb8 13.Nc4 Ne5 14.Na3 Nh5 15.f4 Nxg3
16.fxe5 Bxe5 17.Nc4 Bxc3 18.bxc3 Bxh3 19.Rf2 Qh4 20.Qd3 Bxg2 21.Kxg2 Re4
22.Ne3 Qh1+ 23.Kxg3 h5 24.Rh2 h4+ 25.Kh3 Qe1 26.Ng2 Qf2 27.Qf3 {#r} 1-0

[Event "Memorial A.Rubinstein (open) (a)"]
[Site "masterchessopen.com - Polanica Zdroj (Poland)"]
[Date "2010.08.19"]
[Round "1"]
[White "Kolosowski Mateusz (POL)"]
[Black "Szusterowski Radoslaw (POL)"]
[Result "1-0"]
[WhiteElo "2342"]
[BlackElo "2031"]

1.d4 Nf6 2.c4 c5 3.d5 e6 4.Nc3 exd5 5.cxd5 d6 6.g3 g6 7.Bg2 Bg7 8.Nf3 O-O
9.O-O Re8 10.Nd2 Nbd7 11.a4 a6 12.h3 Nh5 13.Nce4 Ne5 14.f4 f5 15.fxe5 fxe4
16.Nxe4 Bxe5 17.g4 Ng3 18.Bg5 Qb6 19.Nxg3 Bxg3 20.Ra3 c4+ 21.Kh1 Be5 22.Raf3
Qxb2 23.Rf7 Bf5 24.gxf5 Kxf7 25.e3 gxf5 26.Qg4 Rf8 27.Rxf5+ Ke8 28.Qh5+ Kd7
29.Qxh7+ Bg7 30.Bf6 Qb1+ 31.Kh2 Rf7 32.e4 c3 33.Bxg7 Re7 34.Rf1 c2 35.Qf5+ Kc7
36.Bh6 Rh8 37.Bf4 Qb2 38.e5 {#r} 1-0

[Event "It (open)"]
[Site "masterchessopen.com - Bratto (Italy)"]
[Date "2010.08.22"]
[Round "3"]
[White "Dziuba Marcin (POL)"]
[Black "Iordachescu Viorel (MDA)"]
[Result "1-0"]
[WhiteElo "2579"]
[BlackElo "2632"]

1.d4 Nf6 2.c4 e6 3.g3 c5 4.d5 exd5 5.cxd5 d6 6.Nc3 g6 7.Bg2 Bg7 8.Nf3 O-O
9.O-O Re8 10.Nd2 a6 11.a4 Nbd7 12.h3 Rb8 13.Nc4 Ne5 14.Na3 Nh5 15.e4 Bd7 16.a5
b5 17.axb6 Rxb6 18.f4 Nxg3 19.Rf2 Rb4 20.fxe5 Bxe5 21.Nc2 f5 22.Nxb4 cxb4
23.Ne2 Qh4 24.Be3 fxe4 25.Qd2 Nxe2+ 26.Qxe2 Qg3 27.Rxa6 Bxh3 28.Kf1 Bg4 29.Qb5
Rc8 30.Rc6 Qxe3 31.Rxc8+ Kg7 32.Rc7+ Kh6 33.Rcc2 Bg3 34.Qc4 Bf5 35.Rce2 Qa7
36.Qc1+ Kh5 37.Qe3 Bxf2 38.Qxf2 Qa1+ 39.Re1 {#r} 1-0

[Event "Ch Germany (seniors)"]
[Site "masterchessopen.com - Berlin (Germany)"]
[Date "2010.08.23"]
[Round "8"]
[White "Khanukov Boris (GER)"]
[Black "Schippan Bernd (GER)"]
[Result "1-0"]
[WhiteElo "2361"]
[BlackElo "2310"]

1.d4 Nf6 2.Nf3 g6 3.c4 Bg7 4.g3 O-O 5.Bg2 d6 6.O-O c5 7.d5 e6 8.Nc3 exd5
9.cxd5 Re8 10.Nd2 Nbd7 11.a4 a6 12.h3 Rb8 13.Nc4 Ne5 14.Nxe5 Rxe5 15.a5 b5
16.axb6 Rxb6 17.e4 Rb4 18.Re1 Re8 19.Kh2 Bb7 20.Ra2 Bc8 21.Bd2 Rb8 22.Nb1 Nd7
23.Bc3 f6 24.Nd2 Qe7 25.Nc4 Ne5 26.Na5 Bd7 27.f4 Nf7 28.Nc6 Bxc6 29.dxc6 Rb6
30.Qd5 Rc8 31.Qc4 Qc7 32.e5 fxe5 33.fxe5 Bxe5 34.Bxe5 dxe5 35.Rxe5 Qa7 36.Re6
Rcb8 37.Qxc5 Rxb2 38.Rxb2 Rxb2 39.Re8+ {#r} 1-0

[Event "It (open)"]
[Site "masterchessopen.com - Heraklion (Greece)"]
[Date "2010.08.29"]
[Round "9"]
[White "Townsend M Paul (ENG)"]
[Black "Sideris Nikiforos (GRE)"]
[Result "1-0"]
[WhiteElo "2246"]
[BlackElo "2182"]

1.d4 Nf6 2.c4 c5 3.d5 e6 4.Nc3 exd5 5.cxd5 d6 6.Nf3 g6 7.g3 Bg7 8.Bg2 O-O
9.O-O Re8 10.Nd2 a6 11.a4 Nbd7 12.h3 Rb8 13.Nc4 Nb6 14.Na3 Nxa4 15.Nxa4 b5
16.Nxc5 dxc5 17.Bf4 Rb6 18.Qc2 Nh5 19.Bd2 Rxe2 20.Bg5 Qe8 21.Qxc5 Rb8 22.g4
Qe5 23.Bd8 Bf8 24.Qc3 Qxc3 25.bxc3 Nf4 26.Bc7 Nxg2 27.Bxb8 Nh4 28.Rfd1 h5
29.Bg3 Nf3+ 30.Kg2 hxg4 31.d6 Nd2 32.hxg4 Bxg4 33.Ra2 Bh6 34.Nb1 Nxb1 35.Rxe2
Nxc3 36.Re8+ {#r} 1-0

[Event "It (open)"]
[Site "masterchessopen.com - Livigno (Italy)"]
[Date "2010.09.13"]
[Round "4"]
[White "Michalik Peter (SVK)"]
[Black "Valsecchi Alessio (ITA)"]
[Result "1-0"]
[WhiteElo "2455"]
[BlackElo "2331"]

1.d4 Nf6 2.c4 c5 3.d5 e6 4.g3 exd5 5.cxd5 d6 6.Nc3 g6 7.Bg2 Bg7 8.Nf3 O-O
9.O-O a6 10.a4 Re8 11.Nd2 Nbd7 12.Nc4 Ne5 13.Na3 Rb8 14.h3 Nh5 15.e4 Rf8
16.Kh2 f5 17.f4 b5 18.axb5 axb5 19.Naxb5 fxe4 20.Nxd6 Qxd6 21.Nxe4 Qd8 22.fxe5
Rxf1 23.Qxf1 Bxe5 24.d6 Be6 25.Ra3 c4 26.Bg5 Qd7 27.Be7 Qb5 28.Rf3 Qxb2 29.d7
Nxg3 30.Nxg3 Bxd7 31.Ba3 Bxg3+ 32.Rxg3 Qe5 33.Bc1 Rc8 34.Bf4 Qf6 35.Rf3 Qe6
36.Bh6 Qe5+ 37.Kh1 Bf5 38.Re3 Qd6 39.Bb7 Bd3 40.Qe1 Rd8 41.Re8+ Kf7 42.Rxd8
Qxd8 43.Qe5 Qe7 44.Qg7+ Ke6 45.Bc8+ {#r} 1-0

[Event "Ch Finland (team) 2010/11"]
[Site "masterchessopen.com - Finland"]
[Date "2010.09.17"]
[Round "2"]
[White "Hynninen Juha (FIN)"]
[Black "Mertanen Janne (FIN)"]
[Result "0-1"]
[WhiteElo "2154"]
[BlackElo "2280"]

1.d4 Nf6 2.c4 c5 3.d5 e6 4.Nc3 exd5 5.cxd5 d6 6.g3 g6 7.Bg2 Bg7 8.Nf3 O-O
9.O-O a6 10.a4 Nbd7 11.Nd2 Re8 12.h3 Rb8 13.Nc4 Nb6 14.Na3 Bd7 15.a5 Nc8
16.Nc4 Bb5 17.Qb3 Bxc4 18.Qxc4 Nd7 19.e3 b5 20.axb6 Ncxb6 21.Qe2 c4 22.Rxa6
Nc5 23.Ra2 Nd3 24.Rd1 Nd7 25.Ra4 Qc7 26.Ra6 Rb6 27.Rxb6 Qxb6 28.Qc2 N7c5
29.Bf1 Qa6 30.Bd2 Rb8 31.Rb1 Rb3 32.Nd1 Qa2 33.Nc3 Bxc3 34.Bxc3 Rxc3 35.Qxc3
Qxb1 36.Qxc4 Qe1 37.Qc2 Ne4 38.b3 Ndxf2 39.Kg2 {#R} 0-1

[Event "Ch Europe (juniors) (under 18)"]
[Site "masterchessopen.com - Batumi (Georgia)"]
[Date "2010.09.22"]
[Round "3"]
[White "Kolosowski Mateusz (POL)"]
[Black "Durarbeyli Vasif (AZE)"]
[Result "0-1"]
[WhiteElo "2342"]
[BlackElo "2495"]

1.d4 Nf6 2.c4 e6 3.g3 c5 4.d5 exd5 5.cxd5 d6 6.Nc3 g6 7.Nf3 Bg7 8.Bg2 O-O
9.O-O Re8 10.Nd2 a6 11.a4 Nbd7 12.f3 Rb8 13.Nc4 Ne5 14.Na3 Nh5 15.e4 f5 16.a5
Rf8 17.exf5 Bxf5 18.Nc2 Bd3 19.Re1 Qf6 20.Be3 Nxf3+ 21.Bxf3 Qxf3 22.Qxf3 Rxf3
23.Na3 Rbf8 24.Rad1 c4 25.Nab1 Nxg3 26.hxg3 Rxe3 27.Rxe3 Bd4 28.Re1 Rf3 29.Nd1
Bxe3+ 30.Nxe3 Bxb1 31.Nxc4 Ba2 32.Nxd6 Bxd5 33.Re8+ Kg7 34.Re7+ Kf6 35.Rxh7
Rxg3+ 36.Kf2 Rb3 37.Ne8+ Ke5 38.Re7+ Kf4 39.Nf6 Rxb2+ 40.Ke1 Bf3 41.Rf7 Re2+
42.Kf1 Ra2 {#R} 0-1

[Event "Olympiad"]
[Site "masterchessopen.com - Khanty Mansyisk (Russia)"]
[Date "2010.09.23"]
[Round "3"]
[White "Grischuk Alexander (RUS)"]
[Black "Vocaturo Daniele (ITA)"]
[Result "1-0"]
[WhiteElo "2760"]
[BlackElo "2581"]

1.d4 Nf6 2.Nf3 e6 3.c4 c5 4.d5 d6 5.Nc3 g6 6.g3 exd5 7.cxd5 Bg7 8.Bg2 O-O
9.O-O Re8 10.Nd2 a6 11.a4 Nbd7 12.h3 Rb8 13.Nc4 Ne5 14.Na3 Nh5 15.e4 Bd7 16.a5
b5 17.axb6 Bb5 18.Naxb5 axb5 19.Nxb5 Qxb6 20.Na3 Qb3 21.Kh2 Qxd1 22.Rxd1 Rb3
23.g4 Nf6 24.Kg1 Nfd7 25.f4 Nf3+ 26.Kf2 Nh4 27.Nc4 Bd4+ 28.Kf1 Rg3 29.Nxd6
Rxg2 30.Rxd4 cxd4 31.Nxe8 Nc5 32.Nf6+ Kg7 33.g5 Nd3 34.Ng4 Rc2 35.d6 Nc5 36.f5
gxf5 37.exf5 Nxf5 38.Bf4 Rxb2 39.Rc1 Rb5 40.Rxc5 Rxc5 41.d7 Rd5 42.Nf6 Rxd7
43.Nxd7 Kg6 44.Ne5+ Kh5 45.Nf3 {#r} 1-0

[Event "It (open)"]
[Site "masterchessopen.com - Runcorn (England)"]
[Date "2010.09.24"]
[Round "1"]
[White "Bennett P (WLS)"]
[Black "Arkell Keith C (ENG)"]
[Result "0-1"]
[WhiteElo "2128"]
[BlackElo "2439"]

1.d4 Nf6 2.c4 e6 3.g3 c5 4.d5 exd5 5.cxd5 d6 6.Nf3 g6 7.Bg2 Bg7 8.Nc3 O-O
9.O-O a6 10.a4 Re8 11.Nd2 Nbd7 12.h3 Rb8 13.Nc4 Nb6 14.Na3 Bd7 15.Bf4 Qc7
16.e4 Nh5 17.Be3 Nc8 18.Qd3 f5 19.exf5 Bxf5 20.Qd2 Nxg3 21.Rfe1 Nh5 22.Bh6 Ne7
23.Bxg7 Kxg7 24.Nc4 b5 25.Ne3 b4 26.Ne2 Rf8 27.b3 Rbe8 28.Rac1 Qd7 29.Kh2 Qd8
30.Rc4 Bc8 31.Ng3 Nxg3 32.fxg3 Nf5 33.Ng4 Rxe1 34.Qxe1 h5 35.Nf2 Nd4 36.Nd3 a5
37.Nf4 Qf6 38.h4 Bd7 39.Qd1 Qe5 40.Bh3 Rxf4 41.gxf4 Qxf4+ 42.Kg2 Qe4+ 43.Kh2
Qe5+ {#R} 0-1

[Event "It (open) \"]
[Site "masterchessopen.com - Tatranske Zruby (Slovakia)"]
[Date "2010.10.09"]
[Round "9"]
[White "Kantorik Marian (SVK)"]
[Black "Krak Tomas (SVK)"]
[Result "1-0"]
[WhiteElo "2379"]
[BlackElo "2245"]

1.d4 Nf6 2.c4 g6 3.Nc3 Bg7 4.g3 c5 5.d5 d6 6.Nf3 O-O 7.Bg2 e6 8.O-O exd5
9.cxd5 Re8 10.Nd2 a6 11.a4 Nbd7 12.Nc4 Ne5 13.Na3 Nh5 14.e4 Rb8 15.h3 f5
16.exf5 Bxf5 17.g4 Bxg4 18.hxg4 Qh4 19.gxh5 Ng4 20.Bf4 Be5 21.Qf3 Bxf4 22.Qxf4
Re5 23.Qg3 Qxh5 24.Nc4 {#r} 1-0

[Event "Ch England (active)"]
[Site "masterchessopen.com - Newport Pagnell (England)"]
[Date "2010.10.10"]
[Round "9"]
[White "Poobalasingam Peter (ENG)"]
[Black "Hall John (ENG)"]
[Result "1-0"]
[WhiteElo "2332"]
[BlackElo "2305"]

1.d4 Nf6 2.c4 c5 3.d5 e6 4.Nc3 exd5 5.cxd5 d6 6.g3 g6 7.Bg2 Bg7 8.Nf3 O-O
9.O-O Re8 10.Nd2 a6 11.a4 Nbd7 12.h3 Rb8 13.Nc4 Nb6 14.Na3 Bd7 15.Bf4 Nc8
16.Qd3 Qe7 17.Rfe1 Nh5 18.Bd2 b5 19.axb5 axb5 20.Naxb5 Bxb5 21.Nxb5 Bxb2
22.Rab1 Bg7 23.g4 Nf6 24.Bf4 Nd7 25.Bg3 Ne5 26.Qc2 Qd7 27.Nc3 Rxb1 28.Rxb1 Nc4
29.Nb5 N8b6 30.Nxd6 Na3 31.Qb3 Nxb1 32.Nxe8 Qxe8 33.Qxb6 Nc3 34.Bf3 Be5 35.Bh4
Na4 36.Qa6 Bd4 {#r} 1-0

[Event "Ch Bulgaria (students)"]
[Site "masterchessopen.com - Sofia (Bulgaria)"]
[Date "2010.11.06"]
[Round "5"]
[White "Tsekov Svetozar (BUL)"]
[Black "Enchev Ivajlo (BUL)"]
[Result "0-1"]
[WhiteElo "2227"]
[BlackElo "2435"]

1.d4 Nf6 2.c4 e6 3.g3 c5 4.d5 exd5 5.cxd5 d6 6.Nc3 g6 7.Bg2 Bg7 8.Nf3 O-O
9.O-O a6 10.a4 Re8 11.Nd2 Nbd7 12.Nc4 Ne5 13.Na3 Nh5 14.e4 f5 15.h3 b5 16.exf5
b4 17.g4 bxc3 18.bxc3 Nf6 19.g5 Bxf5 20.gxf6 Qxf6 21.f4 Nd3 22.Bd2 Nb2 23.Qf3
Nxa4 24.Rfc1 Nb2 25.Re1 Rab8 26.Bf1 Na4 27.Nc4 Rxe1 28.Bxe1 Nxc3 29.Bxc3 Qxc3
30.Qxc3 Bxc3 31.Rxa6 Rb1 32.Kf2 Rxf1+ 33.Kxf1 Bd3+ 34.Kg2 Bxc4 35.Rxd6 Kf7
36.Rd7+ Ke8 37.Rxh7 Bxd5+ 38.Kg3 Bf7 39.Kf3 Bf6 40.f5 gxf5 41.Kf4 Be6 42.Rc7
c4 43.Ra7 Bd4 44.Ra4 c3 45.Ra1 c2 {#R} 0-1

[Event "Tournament (open)"]
[Site "masterchessopen.com - Sao Jose do Rio Preto (Brazil)"]
[Date "2010.11.26"]
[Round "2"]
[White "Stamenkovic Dragan (SRB)"]
[Black "Pires Marcos Vinicius Torsani (BRA)"]
[Result "1-0"]
[WhiteElo "2370"]
[BlackElo "2119"]

1.d4 e6 2.c4 Nf6 3.Nc3 c5 4.d5 exd5 5.cxd5 d6 6.Nf3 g6 7.g3 Bg7 8.Bg2 O-O
9.O-O Re8 10.Nd2 a6 11.a4 Nbd7 12.h3 Rb8 13.Nc4 Ne5 14.Na3 Nh5 15.e4 Bd7 16.a5
Qxa5 17.g4 Nf6 18.f4 Nexg4 19.hxg4 Nxg4 20.Bf3 h5 21.f5 Bxc3 22.bxc3 Qxc3
23.Bf4 gxf5 24.Bxg4 fxg4 25.Re1 Qf6 26.Qd2 Rxe4 27.Rxe4 Qxa1+ 28.Re1 Qxa3
29.Bxd6 Re8 30.Rxe8+ Bxe8 31.Qg5+ Kh7 32.Qxh5+ Kg8 33.Qxg4+ Kh7 34.Qh5+ Kg8
35.Qg5+ Kh7 36.Be5 {#r} 1-0

[Event "Extraliga 2010/11"]
[Site "masterchessopen.com - Slovakia"]
[Date "2010.11.28"]
[Round "2"]
[White "Cernousek Lukas (CZE)"]
[Black "Petrik Tomas (SVK)"]
[Result "0-1"]
[WhiteElo "2410"]
[BlackElo "2528"]

1.d4 e6 2.c4 Nf6 3.g3 c5 4.d5 exd5 5.cxd5 d6 6.Nc3 g6 7.Bg2 Bg7 8.Nf3 O-O
9.O-O a6 10.a4 Re8 11.Nd2 Nbd7 12.h3 Rb8 13.Nc4 Nb6 14.Na3 Bd7 15.e4 Nc8
16.Qd3 Qa5 17.Bd2 b5 18.axb5 axb5 19.Nc2 Qc7 20.b4 Nb6 21.Na3 cxb4 22.Ncxb5
Bxb5 23.Nxb5 Qc4 24.Qxc4 Nxc4 25.Nxd6 Nxd2 26.Nxe8 Nxe8 {#R} 0-1

[Event "Extraliga 2010/11"]
[Site "masterchessopen.com - Slovakia"]
[Date "2010.11.28"]
[Round "2"]
[White "Chytilek Roman (CZE)"]
[Black "Jacko Vladimir (SVK)"]
[Result "1-0"]
[WhiteElo "2368"]
[BlackElo "2068"]

1.d4 Nf6 2.c4 c5 3.d5 e6 4.Nc3 exd5 5.cxd5 d6 6.g3 g6 7.Bg2 Bg7 8.Nf3 O-O
9.O-O a6 10.a4 Re8 11.Nd2 Nbd7 12.h3 Qc7 13.Nc4 Nb6 14.Na3 Rb8 15.a5 Nbd7
16.Nc4 b5 17.axb6 Nxb6 18.Na5 Bb7 19.e4 Nbd7 20.Kh2 Ba8 21.Ra2 c4 22.Qa4 Rec8
23.Nc6 Bxc6 24.dxc6 Ne5 25.Nd5 Qd8 26.c7 Rxc7 27.Nxc7 Qxc7 28.Qxa6 h5 29.Bf4
Nfd7 30.Rd1 Rb6 31.Qa8+ Kh7 32.Ra7 Qc6 33.Qxc6 Rxc6 34.Bd2 Nc5 35.Bc3 Kg8
36.Rd5 Rb6 37.Ra8+ Kh7 38.Ra7 Kg8 39.f4 Ned3 40.e5 dxe5 41.Rd8+ Bf8 42.Bd5 Rf6
43.Bxc4 {#r} 1-0

[Event "Ch City"]
[Site "masterchessopen.com - Kazan (Russia)"]
[Date "2010.11.30"]
[Round "8"]
[White "Faizrakhmanov Ramil (RUS)"]
[Black "Arsh Alexey (RUS)"]
[Result "0-1"]
[WhiteElo "2043"]
[BlackElo "2141"]

1.d4 Nf6 2.c4 e6 3.g3 c5 4.d5 exd5 5.cxd5 d6 6.Nc3 g6 7.Bg2 Bg7 8.Nf3 a6 9.a4
O-O 10.O-O Re8 11.Nd2 Nbd7 12.Nc4 Ne5 13.Na3 Bd7 14.f4 Neg4 15.Qd3 b5 16.h3 c4
17.Qf3 b4 18.Nxc4 bxc3 19.bxc3 Rc8 20.Na3 Qb6+ 21.Kh1 Ne3 22.Qf2 Nexd5 {#R}
0-1

[Event "Memorial Jose Jabur (open)"]
[Site "masterchessopen.com - Curitiba (Brazil)"]
[Round "5"]
[White "Abdalla Luiz Guilherme Aurelli (BRA)"]
[Black "Pires Marcos Vinicius Torsani (BRA)"]
[Result "1-0"]
[WhiteElo "2294"]
[BlackElo "2119"]

1.d4 Nf6 2.c4 e6 3.Nc3 c5 4.d5 exd5 5.cxd5 d6 6.Nf3 g6 7.g3 Bg7 8.Bg2 O-O
9.O-O Re8 10.Nd2 a6 11.a4 Nbd7 12.Nc4 Ne5 13.Na3 Rb8 14.Bf4 Nh5 15.Bxe5 Bxe5
16.Nc4 b5 17.axb5 axb5 18.Nxe5 Rxe5 19.b4 cxb4 20.Na2 Bg4 21.Re1 Ra8 22.f3 Bd7
23.Nxb4 Ra4 24.Rxa4 bxa4 25.Qd4 f5 26.f4 Re8 27.Nc6 Bxc6 28.dxc6 Nf6 29.c7 Qe7
30.Qc4+ d5 31.Bxd5+ Nxd5 32.c8=Q Qe3+ 33.Kf1 Rxc8 34.Qxc8+ Kg7 35.Qd7+ Ne7
36.Qxa4 Nd5 37.Qd7+ Ne7 38.Qd3 {#r} 1-0

[Event "Memorial Jose Jabur (open)"]
[Site "masterchessopen.com - Curitiba (Brazil)"]
[Round "2"]
[White "De Oliveira Edson Luciani (BRA)"]
[Black "Choma Ernani Francisco (BRA)"]
[Result "0-1"]
[WhiteElo "2116"]
[BlackElo "2332"]

1.d4 Nf6 2.c4 c5 3.d5 e6 4.Nc3 exd5 5.cxd5 d6 6.Nf3 g6 7.g3 Bg7 8.Bg2 O-O
9.O-O Re8 10.Nd2 a6 11.a4 Nbd7 12.Ra2 Rb8 13.a5 b5 14.axb6 Nxb6 15.b3 Nfd7
16.Bb2 Ne5 17.Qa1 f5 18.Nd1 Qe7 19.f4 Ng4 20.Bxg7 Qxg7 21.Qxg7+ Kxg7 22.e4 Nf6
23.Nc3 Bb7 24.Nc4 Nxc4 25.bxc4 Bc8 26.Re2 fxe4 27.Rfe1 Rb4 28.Nxe4 Nxe4
29.Rxe4 Rxe4 30.Rxe4 Kf7 31.Bf1 a5 32.Re3 a4 33.Kf2 Ba6 34.Rc3 Rb3 35.Rc2 a3
36.Ke1 Rb1+ 37.Ke2 a2 {#R} 0-1